Szybkie pisanie do 60 - Statystyki

Ogólne statystyki
  • Ten quiz został rozwiązany 541 razy
  • Średni wynik to 30 z 60
Statystyki odpowiedzi
Liczba % Poprawnych
1
100%
2
98%
3
98%
4
97%
5
97%
6
96%
7
96%
8
96%
9
95%
10
93%
11
93%
12
90%
13
90%
14
89%
15
88%
16
87%
17
86%
18
86%
19
84%
20
82%
21
79%
22
76%
23
73%
24
70%
25
68%
26
67%
27
63%
28
60%
29
56%
30
51%
31
48%
32
45%
33
40%
34
36%
35
35%
36
33%
37
31%
38
30%
39
29%
40
22%
41
20%
42
18%
43
16%
44
15%
45
13%
46
11%
47
10%
48
9%
49
8%
50
6%
51
5%
52
4%
53
3%
54
3%
55
3%
56
2%
57
2%
58
2%
59
2%
60
2%
Nie znaleziono quizów pasujących do podanych kryteriów
Rozkład punktacji
Procent ludzi z każdym wynikiem
Percentyl według liczby udzielonych odpowiedzi
Twoja historia wyników
Nie rozwiązałeś tego quizu